Southville International School and Colleges
Your cart is empty.
  • Cart
  • Lists
    Public lists Eva Luna New books Lux_list list_1
    Your lists Log in to create your own lists
  • Log in to your account
  • Your cookies
  • Search history
Southville International School and Colleges
  • Advanced search
  • Recent comments
  • Most popular
  • Libraries

Log in to your account

Log in with GOOGLE


If you do not have an external account, but do have a local account, you can still log in:

  1. Home
  2. MARC view: Celebrate Diwali :
Normal view MARC view ISBD view

Celebrate Diwali : (Record no. 344588)

[ view plain ]
MARC details
000 -LEADER
fixed length control field 00661nam a2200265Ia 4500
008 - FIXED-LENGTH DATA ELEMENTS--GENERAL INFORMATION
fixed length control field 171025s9999 xx 000 0 und d
020 ## - INTERNATIONAL STANDARD BOOK NUMBER
International Standard Book Number 79225922X
050 ## - LIBRARY OF CONGRESS CALL NUMBER
Classification number 294.53
050 ## - LIBRARY OF CONGRESS CALL NUMBER
Item number H466 2006
100 ## - MAIN ENTRY--PERSONAL NAME
Personal name Heiligman, Deborah
245 ## - TITLE STATEMENT
Title Celebrate Diwali :
245 ## - TITLE STATEMENT
Remainder of title with sweets, lights, and fireworks /
245 ## - TITLE STATEMENT
Statement of responsibility, etc by Deborah Heiligman.
260 ## - PUBLICATION, DISTRIBUTION, ETC. (IMPRINT)
Place of publication, distribution, etc USA :
260 ## - PUBLICATION, DISTRIBUTION, ETC. (IMPRINT)
Name of publisher, distributor, etc National Geographic,
260 ## - PUBLICATION, DISTRIBUTION, ETC. (IMPRINT)
Date of publication, distribution, etc 2006
300 ## - PHYSICAL DESCRIPTION
Extent 32 pages :
300 ## - PHYSICAL DESCRIPTION
Other physical details colored illustrations ;
300 ## - PHYSICAL DESCRIPTION
Dimensions 26cm.
650 ## - SUBJECT ADDED ENTRY--TOPICAL TERM
Topical term or geographic name as entry element Diwali --
650 ## - SUBJECT ADDED ENTRY--TOPICAL TERM
Topical term or geographic name as entry element Diwali.
650 ## - SUBJECT ADDED ENTRY--TOPICAL TERM
General subdivision Juvenile literature.
700 ## - ADDED ENTRY--PERSONAL NAME
Personal name Narayanan, Visudha.
700 ## - ADDED ENTRY--PERSONAL NAME
Personal name Title.
Holdings
Withdrawn status Lost status Damaged status Home library Current library Date acquired Total Checkouts Full call number Barcode Date last seen Price effective from Koha item type
      Stonyhurst Southville International School (Malarayat) Stonyhurst Southville International School (Malarayat) 10/25/2017   NF 294.53 H466 2006 SSISM3641 10/25/2017 10/25/2017 Books

Celebrate Diwali :

APA

Heiligman D., Narayanan V. & Title.Celebrate Diwali. USA: .

Chicago

Heiligman Deborah, Narayanan Visudha and Title.Celebrate Diwali. USA: .

Harvard

Heiligman D., Narayanan V. and Title.Celebrate Diwali. USA: .

MLA

Heiligman Deborah, Narayanan Visudha and Title.USA: . .

  • Place hold
  • Print
  • Cite
  • Add to your cart (remove)
  • Save record
    BIBTEX Dublin Core MARCXML MARC (non-Unicode/MARC-8) MARC (Unicode/UTF-8) MARC (Unicode/UTF-8, Standard) MODS (XML) RIS
  • More searches
    Search for this title in:
    Other Libraries (WorldCat) Other Databases (Google Scholar) Online Stores (Bookfinder.com) Open Library (openlibrary.org)

Exporting to Dublin Core...

SOUTHVILLE LIBRARY

Southville International School and Colleges Library

1281 Tropical Ave. Cor. Luxembourg St., BF Homes International, Las Pinas City

Tel. No. 8256374 / 252358 Loc. 117/146

Powered by Koha